000 00409nam a2200169Ia 4500
005 20240823010836.0
008 240823s9999||||xx |||||||||||||| ||und||
082 _A348.642 P0
100 _aBaruah R K
245 0 _aFinancing Small Scale Industries
250 _a1st
260 _c2000
_b"Omsons,New Delhi"
500 _aYES
650 _aManagement
_bManagement Studies
942 _cBK
999 _c159805
_d159805